000 00247nam a22001097a 4500
008 170118b xxu||||| |||| 00| 0 eng d
020 _a013034522
041 _aeng
080 _a618.2
245 _aCHILD HEALTH NURSING
_cHOGAN, M.A
942 _2udc
_cBK
999 _c3118
_d3118